Statistics for Peaceful Countries Outside Europe (Updated 2017)

Click here to take the quiz!

General Stats

  • This quiz has been taken 46 times
    (6 since last reset)
  • The average score is 12 of 20

Answer Stats

Hint Answer % Correct
Oceania - 12Australia
100%
Oceania - 2New Zealand
100%
North America - 8Canada
100%
South America - 24Chile
75%
Africa - 27Botswana
75%
South America - 35Uruguay
75%
Asia - 45Laos
75%
Asia - 10Japan
75%
North America - 34Costa Rica
50%
Africa - 43Ghana
50%
Asia - 29Malaysia
50%
Asia - 13Bhutan
50%
Asia - 21Singapore
50%
Africa - 22Mauritius
50%
Asia - 30Qatar
50%
Asia - 46Mongolia
25%
Africa - 44Madagascar
25%
Africa - 41Zambia
25%
Africa - 39Sierra Leone
25%
Asia - 40Taiwan
25%

Score Distribution

Percentile by Number Answered

Percent of People with Each Score

Your Score History

You have not taken this quiz since the last reset